| 000 | 00596pab a2200181 454500 | ||
|---|---|---|---|
| 008 | 180718b1997 xxu||||| |||| 00| 0 eng d | ||
| 100 | _aBrandon, William P. | ||
| 245 | _aSocial insurance financing for long-term care: creative public policy to halt pauperization of the elderly and disabled in nursing homes | ||
| 260 | _c1997 | ||
| 300 | _ap.309-37 | ||
| 362 | _aFeb | ||
| 650 | _aHandicapped - United States | ||
| 650 | _aDisabled - United States | ||
| 650 | _aOld age - United States | ||
| 650 | _aOld age | ||
| 773 | _aInternational Journal of Public Administration | ||
| 909 | _a34139 | ||
| 999 |
_c34139 _d34139 |
||